Welcome to the Holygrace Academy Library

Please use search bar below to get started

WHITAKER'S WORLD OF FACTS (Record no. 9013)

MARC details
000 -LEADER
fixed length control field 00315nam a22001337a 4500
082 ## - DEWEY DECIMAL CLASSIFICATION NUMBER
Classification number 001
Item number ASH/W
100 ## - MAIN ENTRY--AUTHOR NAME
Personal name ASH,RUSSELL
245 ## - TITLE STATEMENT
Title WHITAKER'S WORLD OF FACTS
246 ## - VARYING FORM OF TITLE
Title proper/short title WHITAKER'S WORLD OF FACTS
Remainder of title WHITAKER'S WORLD OF FACTS
260 ## - PUBLICATION, DISTRIBUTION, ETC. (IMPRINT)
Place of publication INDIA
Name of publisher PENGUIN
Year of publication 2008
300 ## - PHYSICAL DESCRIPTION
Number of Pages 319
650 ## - SUBJECT ADDED ENTRY--TOPICAL TERM
Topical Term G K
942 ## - ADDED ENTRY ELEMENTS (KOHA)
Koha item type Books
Holdings
Withdrawn status Lost status Collection code Home library Current library Date acquired Source of acquisition Cost, normal purchase price Full call number Accession Number Koha item type
    Reference Main Library Main Library 16/11/2024 COTRIBUTION 1295.00 001 ASH/W 13741 Books